000 00373nam a2200157Ia 4500
008 230524s9999 xx 000 0 und d
082 _a4
_bGEA
100 _aC.William Gear
_915028
245 0 _aProgramming in Pascal
250 _a1ST
260 _aNEW DELHI
_bGalgotia
_c1986
300 _aVIII;248
500 _aQuantity Number: 1
650 _aComp-Sc
942 _cBK
999 _c22423
_d22423